Dewey Decimal Classification - Statistics

General Stats
  • This quiz has been taken 58 times
  • The average score is 18 of 89
Answer Stats
Hint Answer % Correct
150 Psychology
73%
910 Geography and travel
67%
530 Physics
67%
920 Biography, genealogy, insignia
60%
420 English and Old English
60%
510 Mathematics
60%
540 Chemistry and allied sciences
53%
940 General history of Europe
53%
220 Bible
47%
620 Engineering and allied operations
47%
950 General history of Asia
47%
750 Painting and paintings
47%
520 Astronomy and allied sciences
40%
330 Economics
40%
960 General history of Africa
40%
930 History of ancient world
40%
340 Law
40%
610 Medical sciences
40%
780 Music
40%
010 Bibliography
33%
820 English and Old English literatures
33%
980 General history of South America
33%
450 Italian, Romanian, Rhaeto-Romantic
33%
020 Library and information sciences
33%
730 Plastic arts. Sculpture
33%
440 Romance languages: French
33%
590 Zoological sciences
33%
810 American literature in English
27%
580 Botanical sciences
27%
170 Ethics
27%
970 General history of North America
27%
430 Germanic languages
27%
830 Literatures of Germanic languages
27%
320 Political Science
27%
630 Agriculture
20%
740 Drawing and decorative arts
20%
050 General serials and their indexes
20%
310 General Statistics
20%
290 Other and comparative religions
20%
770 Photography and photographs
20%
460 Spanish and Portuguese languages
20%
860 Spanish and Portuguese literatures
20%
720 Architecture
13%
280 Christian denominations and sects
13%
550 Earth sciences
13%
030 General encyclopedic works
13%
480 Hellenic languages, Classical Greek
13%
850 Italian, Romanian, Rhaeto-Romanic literatures
13%
840 Literatures of Romance languages
13%
490 Other languages
13%
180 Ancient, medieval, Oriental philosophy
7%
660 Chemical engineering
7%
230 Christian theology
7%
710 Civic and landscape art
7%
390 Customs, etiquette, folklore
7%
370 Education
7%
060 General organization and museology
7%
880 Hellenic literatures, Classical Greek
7%
640 Home economics and family living
7%
570 Life sciences
7%
160 Logic
7%
650 Management and auxiliary services
7%
670 Manufacturing
7%
090 Manuscripts and rare books
7%
070 News media, journalism, publishing
7%
790 Recreational and performing arts
7%
140 Specific philosophical schools
7%
690 Buildings
0%
270 Christian church history
0%
240 Christian moral and devotional theology
0%
250 Christian orders and local church
0%
260 Christian social theology
0%
380 Commerce, communications, transport
0%
120 Epistemology, causation, humankind
0%
080 General collections
0%
990 General history of other areas
0%
360 General social problems and services
0%
870 General works on Latin literature
0%
760 Graphic arts
0%
890 Indic Literature
0%
470 Italic Latin
0%
410 Linguistics
0%
680 Manufacture for specific uses
0%
110 Metaphysics
0%
190 Modern Western Philosophy
0%
210 Natural theology
0%
560 Paleontology, paleozoology
0%
130 Paranormal phenomena
0%
350 Public administration
0%
No matching quizzes found
Score Distribution
Percent of People with Each Score
Percentile by Number Answered
Your Score History
You have not taken this quiz